000 01510nam a2200373 c 4500
003 BLK
005 20230218095420.0
008 180411b bul|||||r ||||||| ||bul||
010 _aKNG00188056000
020 _a978-954-644-563-6
_bиздат.: УНСС
040 _aBLK
041 _aBUL
_cBUL
072 7 _2bullib
_aН91
_xГеография Н
080 _aГеография на населението
_b911.3:314
_x(075.8)
_z911.3:314(075.8)
080 _aОсновни проблеми на демографията
_b314.1
_x(075.8)
_z314.1(075.8)
100 1 _aДокова, Соня Петрова
_eпърви автор
_gДокова-Живкова, Соня Петрова
_9367991
700 1 _aПетров, Камен Димитров
_eсъавт.
_9341720
139 _aДокова, Соня Петрова и др.
_bД 73
245 1 0 _aГеодемография
_cСоня Петрова Докова; съавт. Камен Димитров Петров.
257 _aBGR
260 София
_bУНСС
_c2014
300 _a216 с.
_bс табл.
_c22 см
380 _a3
500 _aБиблиогр. с. 212-214 и след всяка гл.
650 4 _aГеодемография
_9151922
653 _aгеодемография
653 _aучебници за ВУЗ
659 _aН
852 _aЦб 280701
856 4 _qpdf
_u
856 4 _qpdf
_u
942 _cKNG
_n0
_01
944 _aCR
_c30.05.2016
_kВиолета_Тройчева
944 _aED
_c17.12.2017
_kВиолета_Тройчева
999 _c179277
_d179277